01353cam a2200325 a 4500952013200000999001700132001000900149003000400158005001700162008004100179010001700220015001500237020001500252035002300267040001900290042001400309050002300323082001900346100003200365245007100397260005800468300004100526504006500567650002500632856009100657856009200748856010600840906004500946942003600991 00102ddc40708COMMERCEaMESbMEScCOMMd2019-02-20g725.00l0o382 MAR/Ip26619r2019-02-20 00:00:00w2019-02-20yBKzGL52R4 c10580d1058012799246OSt20191231121855.0020603s2002 enkabc b 001 0 eng d a 2002283296 aGBA1-U7257 a0199250049 a(OCoLC)ocm48416738 aUKMcoclcdDLC alccopycat00aHF1379b.M375 200200a382221bMAR/I aMarrewijk, Van Charles955910aInternational trade and the world economy /cCharlen van Marrewijk aOxford ;aNew York :bOxford University Press,c2002. a 386 pbill., maps, ports. ;c25 cm. aIncludes bibliographical references (p.[366]-371) and index. 0aInternational trade.423Publisher descriptionuhttp://www.loc.gov/catdir/enhancements/fy0614/2002283296-d.html413Table of contents onlyuhttp://www.loc.gov/catdir/enhancements/fy0614/2002283296-t.html423Contributor biographical informationuhttp://www.loc.gov/catdir/enhancements/fy0723/2002283296-b.html a7bcbcccopycatd2encipf20gy-gencatlg 2ddccBKh382iMAR/Ik382mMAR/I